00342pab a2200133 454500008004000000100002400040245002500064260000900089300001300098362001100111650004100122650002800163773001700191180718b2003 xxu||||| |||| 00| 0 eng d aMehta, Pratap Bhanu aDialogue and realism c2003 ap.10-11. a17 May aIndia - Foreign relations - Pakistan aInternational relations aYoung Indian